| 000 | 00675nam a2200205Ii 4500 | ||
|---|---|---|---|
| 003 | JO-AjNU | ||
| 008 | 230605s9999||||xx |||||||||||||| ||und|| | ||
| 040 |
_aJO-AjNU _bara _erda _cJO-AjNU |
||
| 041 | _aara | ||
| 050 | 1 | 4 | _aPJ7642.Z3 1985 |
| 100 | 3 |
_aتأليف الزوزني, _eauthor _934920 |
|
| 245 | 0 | 0 | _aشرح المعلقات السبع |
| 250 | _aط5 | ||
| 264 | 3 | 1 | _aبيروت:مكتبة المعارف،1985 |
| 300 | _a254ص | ||
| 336 |
_atext _btxt _2rdacontent |
||
| 337 |
_aunmediated _bn _2rdamedia |
||
| 338 |
_avolume _bnc _2rdacarrier |
||
| 650 | 4 |
_aالشعر العربي - تاريخ ونقد - العصر الجاهلي - المعلقات _934921 |
|
| 999 |
_aA14365 _c17933 _d17933 |
||